|
|
|
|
| LEADER |
00000cas a22000001a 4500 |
| 001 |
vtls008319419 |
| 003 |
SK-MaSNL |
| 005 |
20260228155829.0 |
| 008 |
181128d19621964xo x 000 b0slo |
| 040 |
|
|
|a SNK
|b slo
|c SNK
|e AACR2
|
| 041 |
0 |
|
|a slo
|
| 044 |
|
|
|a xo
|c SK
|
| 072 |
|
7 |
|a 37
|x Výchova a vzdelávanie
|2 konspekt
|
| 080 |
|
|
|a 37.01
|2 2011
|
| 080 |
|
|
|a (082)
|2 2011
|
| 245 |
0 |
0 |
|a Sborník Pedagogického inštitútu v Banskej Bystrici ...
|
| 246 |
1 |
3 |
|a Zborník Pedagogického inštitútu v Banskej Bystrici
|
| 260 |
|
|
|a Bratislava
|b Slovenské pedagogické nakladateľstvo
|c 1962-1964
|
| 300 |
|
|
|a 3 zv.
|c 24 cm
|
| 310 |
|
|
|a Nepravidelne
|
| 362 |
0 |
|
|a 1 (1962)-3 (1964)
|z SKP
|
| 500 |
|
|
|a Súčasťou názvu je označenie roku
|
| 504 |
|
|
|a Poznámky ; bibliografické odkazy
|
| 650 |
0 |
7 |
|a pedagogika
|2 SNKPH
|9 955
|
| 650 |
0 |
7 |
|a Pedagogics
|2 SNKPHeng
|9 265289
|
| 655 |
|
7 |
|a zborníky
|2 SNKPH
|9 70165
|
| 655 |
|
7 |
|a Papers of several authors
|2 SNKPHeng
|9 153738
|
| 780 |
0 |
0 |
|t Sborník Vyššej pedagogickej školy v Banskej Bystrici
|
| 785 |
0 |
0 |
|t Zborník Pedagogickej fakulty v Banskej Bystrici
|
| 852 |
|
|
|a Štátna vedecká knižnica v Banskej Bystrici
|
| 910 |
|
|
|a snk
|
| 958 |
|
|
|a NB
|
| 999 |
|
|
|c 692
|d 692
|
| 952 |
|
|
|0 0
|1 0
|4 0
|7 0
|a SNK
|b SNK
|d 2000-07-18
|l 0
|o snkČSC 1049/2/1964
|p 17A0245561
|r 2005-01-02 00:00:00
|w 2026-02-21
|y PREZ
|
| 952 |
|
|
|0 0
|1 0
|4 0
|7 0
|a SNK
|b SNK
|d 2003-01-30
|l 0
|o snkČSC 1049/3/1964 D1
|p 17A0370738
|r 2005-01-02 00:00:00
|w 2026-02-21
|y PREZ
|
| 952 |
|
|
|0 0
|1 0
|4 0
|7 0
|a SNK
|b SNK
|d 2006-03-15
|i snkKSP 2496/64
|l 0
|o snkČSC 1049/2/1964 D1
|p 17A0500048
|r 2026-02-21 20:07:03
|w 2026-02-21
|y PREZ
|
| 952 |
|
|
|0 0
|1 0
|4 0
|7 0
|a SNK
|b SNK
|d 2000-07-19
|l 0
|o snkČSC 1049/3/1964
|p 17A0245703
|r 2005-01-02 00:00:00
|w 2026-02-21
|y PREZ
|
| 952 |
|
|
|0 0
|1 0
|4 0
|7 0
|a SNK
|b SNK
|d 2024-11-27
|i snkKSP 3792/63
|l 0
|o snkČSC 1049/1962
|p 17A1317652
|r 2026-02-21 21:21:20
|w 2026-02-21
|y PREZ
|